[Event "Arco op 34th"]
[Site "Arco"]
[Date "2012.10.20"]
[Round "8"]
[White "De Nisi, Giuseppe"]
[Black "Buglisi, Massimo"]
[Result "0-1"]
[WhiteElo "1816"]
[BlackElo "1922"]
[PlyCount "116"]
[EventDate "2012.10.13"]
[EventType "swiss"]
[EventRounds "9"]
[EventCountry "ITA"]
[SourceTitle "EXT 2013"]
[Source "ChessBase"]
[SourceDate "2012.11.22"]
[SourceVersion "1"]
[SourceVersionDate "2012.11.22"]
[SourceQuality "1"]

1. d4 d6 2. c4 Nf6 3. Nc3 g6 4. e4 Bg7 5. Bd3 0-0 6. Nge2 e5 7. d5 a5 8. f4 exf4 9. Bxf4 Nfd7 10. 0-0 Ne5 11. Rb1 Na6 12. Bxe5 Bxe5 13. a3 Qh4 14. g3 Qg5 15. Qc1 Qh5 16. Nf4 Bd4+ 17. Kh1 Qe5 18. Nce2 Nc5 19. Nxd4 Qxd4 20. Qc3 Qxc3 21. bxc3 g5 22. Bc2 gxf4 23. Rxf4 Nd7 24. Rbf1 Ne5 25. Bd1 Bh3 26. Rg1 Nd3 27. Rf3 Ne5 28. Rf4 Nxc4 29. g4 Ne3 30. Be2 Bg2+ 31. Rxg2 Nxg2 32. Kxg2 Rae8 33. h4 Re5 34. h5 h6 35. Kg3 Kg7 36. Bd3 c5 37. Bb5 c4 38. Bd7 Re7 39. Bf5 b5 40. Rf2 Rb8 41. Rb2 Reb7 42. Kf3 b4 43. axb4 axb4 44. cxb4 Rxb4 45. Rc2 Kf6 46. Ke3 Ke5 47. g5 hxg5 48. h6 Rb3+ 49. Ke2 c3 50. h7 Rb2 51. Kd3 Rxc2 52. Kxc2 Kd4 53. Kc1 Rh8 54. Kd1 g4 55. Bxg4 Rxh7 56. Bf5 Rh2 57. Kc1 Kc4 58. Kd1 c2+ 0-1

[Event "Arco op 34th"]
[Site "Arco"]
[Date "2012.10.13"]
[Round "1"]
[White "Bonagura, Stefano"]
[Black "De Nisi, Giuseppe"]
[Result "1-0"]
[WhiteElo "2172"]
[BlackElo "1816"]
[PlyCount "71"]
[EventDate "2012.10.13"]
[EventType "swiss"]
[EventRounds "9"]
[EventCountry "ITA"]
[SourceTitle "EXT 2013"]
[Source "ChessBase"]
[SourceDate "2012.11.22"]
[SourceVersion "1"]
[SourceVersionDate "2012.11.22"]
[SourceQuality "1"]

1. c4 d6 2. g3 g6 3. Bg2 Bg7 4. d4 e5 5. dxe5 dxe5 6. Qxd8+ Kxd8 7. Nc3 c6 8. Bd2 Be6 9. 0-0-0 Kc7 10. b3 Nf6 11. Nf3 Ng4 12. Rhf1 Nd7 13. h3 Ngf6 14. Ng5 Rae8 15. Be3 h6 16. Nxe6+ Rxe6 17. Na4 Nh5 18. Bxa7 b6 19. c5 b5 20. Nc3 Ra8 21. Nxb5+ cxb5 22. Bxa8 Ra6 23. Bb6+ Nxb6 24. cxb6+ Rxb6 25. Kb1 Nf6 26. Bd5 Nxd5 27. Rxd5 b4 28. Rc1+ Rc6 29. e4 f5 30. f3 fxe4 31. Rxc6+ Kxc6 32. fxe4 Bf6 33. Kc2 h5 34. Kd3 g5 35. g4 hxg4 36. hxg4 1-0

[Event "Wch Seniors 20th"]
[Site "Arco"]
[Date "2010.11.03"]
[Round "8"]
[White "Davydov, Mihail"]
[Black "De Nisi, Giuseppe"]
[Result "1-0"]
[WhiteElo "2032"]
[BlackElo "1816"]
[PlyCount "91"]
[EventDate "2010.10.26"]
[EventType "swiss"]
[EventRounds "11"]
[EventCountry "ITA"]
[SourceTitle "EXT 2011"]
[Source "ChessBase"]
[SourceDate "2010.11.26"]
[SourceVersion "1"]
[SourceVersionDate "2010.11.26"]
[SourceQuality "1"]

1. e4 e6 2. d4 d5 3. Nd2 Nf6 4. e5 Nfd7 5. Bd3 c5 6. c3 Nc6 7. Ne2 Qb6 8. Nf3 cxd4 9. cxd4 Bb4+ 10. Bd2 Bxd2+ 11. Qxd2 f6 12. exf6 Nxf6 13. 0-0 0-0 14. Rfe1 Qc7 15. Rac1 Ng4 16. Ng3 Qf4 17. Qxf4 Rxf4 18. h3 Nh6 19. Nh5 Rf8 20. Ng3 Bd7 21. Bb5 Rac8 22. Bxc6 bxc6 23. Ne5 Be8 24. Rc5 Nf7 25. Nxf7 Kxf7 26. Ra5 Rc7 27. Re3 Bd7 28. Rf3+ Ke7 29. Rxf8 Kxf8 30. f4 Ke7 31. Kf2 g6 32. Ne2 Kf6 33. Nc1 h5 34. g3 g5 35. Nd3 Be8 36. Kf3 Bg6 37. Ne5 Be4+ 38. Ke3 gxf4+ 39. Kxf4 Bg2 40. h4 Bf1 41. b3 Be2 42. Rc5 Rb7 43. Nxc6 Bb5 44. Ne5 Be2 45. a3 Rxb3 46. Rc7 1-0

[Event "Wch Seniors 19th"]
[Site "Condino"]
[Date "2009.11.06"]
[Round "10"]
[White "De Nisi, Giuseppe"]
[Black "Cooper, Nigel"]
[Result "0-1"]
[WhiteElo "1840"]
[BlackElo "1775"]
[PlyCount "40"]
[EventDate "2009.10.27"]
[EventType "swiss"]
[EventRounds "11"]
[EventCountry "ITA"]
[SourceTitle "EXT 2010"]
[Source "ChessBase"]
[SourceDate "2010.11.25"]
[SourceVersion "1"]
[SourceVersionDate "2010.11.25"]
[SourceQuality "1"]

1. d4 d5 2. c4 c6 3. Nc3 Nf6 4. cxd5 cxd5 5. Bg5 Nbd7 6. Qa4 e6 7. Rc1 a6 8. Nb5 axb5 9. Qxa8 Bb4+ 10. Bd2 Nb6 11. Qb8 Bxd2+ 12. Kxd2 Ne4+ 13. Ke1 0-0 14. Qf4 Nc4 15. Rc2 Qa5+ 16. Kd1 g5 17. Qf3 Qxa2 18. Rxc4 bxc4 19. Kc2 c3 20. Qxe4 Qxb2+ 0-1

[Event "Wch Seniors 19th"]
[Site "Condino"]
[Date "2009.11.03"]
[Round "7"]
[White "Schwertel, Johann"]
[Black "De Nisi, Giuseppe"]
[Result "1/2-1/2"]
[WhiteElo "1975"]
[BlackElo "1840"]
[PlyCount "82"]
[EventDate "2009.10.27"]
[EventType "swiss"]
[EventRounds "11"]
[EventCountry "ITA"]
[SourceTitle "EXT 2010"]
[Source "ChessBase"]
[SourceDate "2010.11.25"]
[SourceVersion "1"]
[SourceVersionDate "2010.11.25"]
[SourceQuality "1"]

1. d4 d6 2. Nf3 Nf6 3. c3 Bg4 4. Bf4 Nbd7 5. Bg3 c5 6. Nbd2 Qb6 7. Nc4 Qc6 8. Ne3 Bxf3 9. exf3 cxd4 10. Qxd4 e5 11. Qc4 d5 12. Qb5 a6 13. Qxc6 bxc6 14. Be2 Be7 15. 0-0 Nh5 16. Nf5 Nxg3 17. Nxg3 g5 18. Rfd1 0-0 19. Nf1 Nf6 20. Ne3 Bc5 21. Rac1 a5 22. b3 Ba7 23. Rc2 Rad8 24. Rcd2 Ne8 25. Nc4 f6 26. Nxa5 Rd6 27. Nc4 Re6 28. Ne3 Nc7 29. Nc2 f5 30. Bf1 Kg7 31. Re1 c5 32. h3 Bb6 33. Ne3 Ba5 34. Nxd5 Nxd5 35. Rxd5 Bxc3 36. Red1 Bd4 37. Bc4 Re7 38. Re1 e4 39. a4 Rfe8 40. Bb5 Rf8 41. b4 Bc3 1/2-1/2

[Event "Trento op"]
[Site "Trento"]
[Date "2008.03.28"]
[Round "1"]
[White "De Nisi, Giuseppe"]
[Black "Forer, Erich"]
[Result "0-1"]
[WhiteElo "1890"]
[BlackElo "1482"]
[PlyCount "78"]
[EventDate "2008.03.28"]
[EventType "swiss"]
[EventRounds "5"]
[EventCountry "ITA"]
[SourceTitle "EXT 2011"]
[Source "ChessBase"]
[SourceDate "2010.11.26"]
[SourceVersion "1"]
[SourceVersionDate "2010.11.26"]
[SourceQuality "1"]

1. d4 Nf6 2. c4 e6 3. Nc3 Bb4 4. a3 Bxc3+ 5. bxc3 b6 6. f3 Nc6 7. e4 Ba6 8. Bg5 Qc8 9. e5 Ng8 10. Bd3 Nge7 11. Ne2 Na5 12. Qa4 c5 13. 0-0 Ng6 14. Be3 0-0 15. f4 Bxc4 16. Bxc4 cxd4 17. Bxe6 dxe6 18. cxd4 Qb7 19. Rab1 Qe4 20. Kf2 Nh4 21. Rg1 Rac8 22. Rbc1 Nf5 23. Bd2 Rcd8 24. Qc2 Qd5 25. Bb4 Rfe8 26. Rgd1 Qb7 27. g4 Ne7 28. f5 Rc8 29. Qb1 Nac6 30. Bd6 exf5 31. gxf5 Qd7 32. Ng3 Nd5 33. Qd3 Nf4 34. Qf1 Ne7 35. Ke1 Ned5 36. Kd2 Qa4 37. Ne4 Qc2+ 38. Ke1 Qxe4+ 39. Kf2 Qe3# 0-1